CHEMISTRY in context: applying chemistry to society
Gespeichert in:
| Format: | Buch |
|---|---|
| Sprache: | Englisch |
| Veröffentlicht: |
McGraw – Hill Education,
2018.
|
| Tags: |
Tag hinzufügen
Keine Tags, Fügen Sie den ersten Tag hinzu!
|
MARC
| LEADER | 00000nam a22000007a 4500 | ||
|---|---|---|---|
| 008 | 210528b ||||| |||| 00| 0 eng d | ||
| 020 | |a 978-1-259-92176-6 | ||
| 245 | |a CHEMISTRY in context: |b applying chemistry to society |c Bradley D. Fahiman … (et al.) |g xvii, 590p.; ill. | ||
| 250 | |b 9TH ed. | ||
| 260 | |b McGraw – Hill Education, |c 2018. |h New York: |i 691052 |i 691053 |l QD415 .C41 |m Biochemistry. |m Environment chemistry. |m Geochemistry. | ||
| 500 | |a "It includes index” | ||
| 942 | |a lcc |c BK |e Adeniran, F. A. |f 28/05/2021 | ||
| 952 | |0 0 |1 0 |2 lcc |4 0 |6 QD0415 C41 |7 0 |9 2507 |a HOL |b SL |c QZ |d 2021-05-28 |l 0 |o QD415 .C41 |p 2021-6359 |r 2021-05-28 00:00:00 |w 2021-05-28 |y BK | ||
| 952 | |0 0 |1 0 |2 lcc |4 0 |6 QD0415 C41 |7 0 |9 2508 |a HOL |b HOL |c QZ |d 2021-05-28 |l 0 |o QD415 .C41 |p 2021-6360 |r 2021-05-28 00:00:00 |w 2021-05-28 |y BK | ||
| 999 | |c 1305 |d 1305 | ||